[Event "DEN-chT 2425 62nd"]
[Site "Denmark"]
[Date "2025.03.02"]
[Round "7.3"]
[White "Akdag, Dara Sevkan"]
[Black "Brynell, Stellan"]
[Result "0-1"]
[WhiteElo "2154"]
[BlackElo "2368"]
[PlyCount "96"]
[EventDate "2024.11.02"]
[EventType "team-tourn"]
[EventRounds "9"]
[EventCountry "DEN"]
[SourceTitle "CB16_2025"]
[SourceDate "2025.04.16"]
[SourceVersion "1"]
[SourceVersionDate "2025.04.16"]
[SourceQuality "1"]
[WhiteTeam "BMS"]
[BlackTeam "Nordkalotten"]
[WhiteTeamCountry "DEN"]
[BlackTeamCountry "DEN"]

1. Nf3 Nf6 2. c4 b6 3. g3 c5 4. Bg2 Bb7 5. 0-0 g6 6. b3 Bg7 7. Bb2 0-0 8. d3 Nc6 9. e4 d6 10. Nc3 Nd7 11. Qd2 Nde5 12. Rae1 Nxf3+ 13. Bxf3 a6 14. h4 b5 15. h5 b4 16. Nd5 Bxb2 17. Qxb2 Nd4 18. Kg2 e6 19. Nf4 e5 20. Nd5 Bxd5 21. exd5 Qg5 22. Bd1 f5 23. f4 exf4 24. Rxf4 Rae8 25. Qf2 Rxe1 26. Qxe1 Kg7 27. Qe3 Qf6 28. hxg6 hxg6 29. Rf1 g5 30. Bh5 Rh8 31. g4 Rf8 32. Re1 fxg4 33. Qe7+ Qxe7 34. Rxe7+ Kf6 35. Rd7 Ke5 36. Bxg4 Kf4 37. Bh5 Nf5 38. Bf7 Ne3+ 39. Kg1 g4 40. Re7 Kf3 41. Bg6 Nc2 42. Re6 Kg3 43. Re2 Nd4 44. Rg2+ Kf4 45. Bh5 g3 46. Bd1 Re8 47. Kf1 Nf5 48. Rd2 Rh8 0-1

[Event "DEN-chT 2425 62nd"]
[Site "Denmark"]
[Date "2024.11.02"]
[Round "1.2"]
[White "Fries Nielsen, Jens Ove"]
[Black "Brynell, Stellan"]
[Result "1/2-1/2"]
[WhiteElo "2334"]
[BlackElo "2368"]
[PlyCount "135"]
[EventDate "2024.11.02"]
[EventType "team-tourn"]
[EventRounds "9"]
[EventCountry "DEN"]
[SourceTitle "CB45_2024"]
[Source "ChessBase"]
[SourceDate "2024.11.06"]
[SourceVersion "1"]
[SourceVersionDate "2024.11.06"]
[SourceQuality "1"]
[WhiteTeam "Fredericia"]
[BlackTeam "Nordkalotten"]
[WhiteTeamCountry "DEN"]
[BlackTeamCountry "DEN"]

1. d4 Nf6 2. Nf3 e6 3. e3 d5 4. Bd3 c5 5. b3 Nc6 6. Bb2 Bd6 7. Nbd2 0-0 8. 0-0 Qe7 9. dxc5 Bxc5 10. e4 dxe4 11. Nxe4 Nxe4 12. Bxe4 Rd8 13. Qe2 Bd7 14. a3 Be8 15. Rfe1 Rac8 16. Bd3 Bd7 17. b4 Bd6 18. c4 b6 19. Rac1 h6 20. Bb1 a5 21. c5 bxc5 22. bxc5 Bc7 23. Qc2 f5 24. Qc4 Qf7 25. Ba2 Rb8 26. Ba1 Ne7 27. Ne5 Bxe5 28. Bxe5 Rbc8 29. Bd6 Nd5 30. Qa6 Bc6 31. Qe2 Re8 32. Qd2 Qg6 33. f3 Ra8 34. Rb1 a4 35. Rb2 Kh7 36. Qd4 Qf6 37. Be5 Qg5 38. h4 Qe7 39. Bb1 Rad8 40. Rbe2 Qf7 41. Bd6 Rd7 42. Bc2 Rb7 43. g4 g6 44. h5 gxh5 45. Rxe6 Rxe6 46. Rxe6 hxg4 47. fxg4 Qxe6 48. Bxf5+ Qxf5 49. gxf5 Rb3 50. Bf8 Rg3+ 51. Kf2 Nc3 52. Qh4 Ne4+ 53. Qxe4 Bxe4 54. Kxg3 Bxf5 55. Kf4 Bh3 56. Ke5 Kg8 57. Bxh6 Kf7 58. Kd6 Ke8 59. Bg5 Bg2 60. Kc7 Bf3 61. c6 Be4 62. Kb6 Bf3 63. Kb5 Bg2 64. Kb6 Bf3 65. Kc7 Bg2 66. Kd6 Bf3 67. c7 Bb7 68. c8Q+ 1/2-1/2

[Event "Copenhagen CC IM"]
[Site "Ballerup"]
[Date "2024.08.08"]
[Round "3"]
[White "Brynell, Stellan"]
[Black "Jepson, Christian"]
[Result "1/2-1/2"]
[WhiteElo "2371"]
[BlackElo "2381"]
[PlyCount "20"]
[EventDate "2024.08.07"]
[EventType "tourn"]
[EventRounds "9"]
[EventCountry "DEN"]
[EventCategory "2"]
[SourceTitle "CBM 221 Extra"]
[Source "ChessBase"]
[SourceDate "2024.09.30"]
[SourceVersion "1"]
[SourceVersionDate "2024.09.30"]
[SourceQuality "1"]

1. d4 Nf6 2. Nf3 e6 3. c4 d5 4. Nc3 Be7 5. Bg5 h6 6. Bxf6 Bxf6 7. e3 0-0 8. Rc1 a6 9. Qc2 c6 10. Bd3 Nd7 1/2-1/2

[Event "DEN-chT 2324 61st"]
[Site "Denmark"]
[Date "2024.04.07"]
[Round "9.2"]
[White "Kistrup, Nicolai"]
[Black "Brynell, Stellan"]
[Result "1/2-1/2"]
[WhiteElo "2387"]
[BlackElo "2401"]
[PlyCount "45"]
[EventDate "2023.10.28"]
[EventType "team-tourn"]
[EventRounds "9"]
[EventCountry "DEN"]
[SourceTitle "EXT 2025"]
[Source "ChessBase"]
[SourceDate "2024.10.14"]
[SourceVersion "1"]
[SourceVersionDate "2024.10.14"]
[SourceQuality "1"]
[WhiteTeam "BMS"]
[BlackTeam "Nordkalotten"]
[WhiteTeamCountry "DEN"]
[BlackTeamCountry "DEN"]

1. e4 e6 2. d4 d5 3. Nc3 Nf6 4. Bg5 dxe4 5. Nxe4 Be7 6. Nxf6+ Bxf6 7. Bxf6 Qxf6 8. Nf3 c5 9. Qd3 Nc6 10. 0-0-0 cxd4 11. Nxd4 Nxd4 12. Qxd4 Qxd4 13. Rxd4 Bd7 14. Bd3 Bc6 15. Be4 Bxe4 16. Rxe4 Ke7 17. Rd1 Rhd8 18. Rc4 Rxd1+ 19. Kxd1 Kd6 20. Rd4+ Kc6 21. Rc4+ Kd6 22. Rd4+ Kc6 23. Rc4+ 1/2-1/2

[Event "SWE-chT 2324 Elite"]
[Site "Sweden"]
[Date "2024.03.09"]
[Round "8.6"]
[White "Brynell, Stellan"]
[Black "Wessman, R."]
[Result "1/2-1/2"]
[WhiteElo "2406"]
[BlackElo "2400"]
[PlyCount "40"]
[EventDate "2023.10.13"]
[EventType "team-tourn"]
[EventRounds "9"]
[EventCountry "SWE"]
[SourceTitle "EXT 2025"]
[Source "ChessBase"]
[SourceDate "2024.10.14"]
[SourceVersion "1"]
[SourceVersionDate "2024.10.14"]
[SourceQuality "1"]
[WhiteTeam "Limhamn"]
[BlackTeam "Wasa"]
[WhiteTeamCountry "SWE"]
[BlackTeamCountry "SWE"]

1. d4 d5 2. c4 c6 3. Nf3 Nf6 4. cxd5 cxd5 5. Nc3 Nc6 6. Bf4 a6 7. Rc1 Bf5 8. e3 e6 9. Qb3 Ra7 10. Be2 Bd6 11. Bxd6 Qxd6 12. 0-0 0-0 13. Na4 Bg4 14. Rfd1 Ne4 15. Qb6 Qb8 16. Nc5 Qd8 17. Qxd8 Rxd8 18. Kf1 Bxf3 19. Bxf3 Nxc5 20. Rxc5 f5 1/2-1/2

[Event "SWE-chT 2324 Elite"]
[Site "Sweden"]
[Date "2024.03.04"]
[Round "5.37"]
[White "Brynell, Stellan"]
[Black "Malesevic, Nedeljko"]
[Result "1/2-1/2"]
[WhiteElo "2409"]
[BlackElo "2219"]
[PlyCount "104"]
[EventDate "2023.10.13"]
[EventType "team-tourn"]
[EventRounds "9"]
[EventCountry "SWE"]
[SourceTitle "EXT 2025"]
[Source "ChessBase"]
[SourceDate "2024.10.14"]
[SourceVersion "1"]
[SourceVersionDate "2024.10.14"]
[SourceQuality "1"]
[WhiteTeam "Limhamn"]
[BlackTeam "Eksjo"]
[WhiteTeamCountry "SWE"]
[BlackTeamCountry "SWE"]

1. d4 d5 2. c4 e6 3. Nf3 Nf6 4. Nc3 Be7 5. Bg5 c6 6. e3 Nbd7 7. Bd3 0-0 8. 0-0 dxc4 9. Bxc4 Nd5 10. Bxe7 Qxe7 11. Rc1 Nxc3 12. Rxc3 e5 13. Bb3 e4 14. Nd2 Nf6 15. Qb1 Re8 16. Rc5 Bg4 17. Re5 Qc7 18. Nxe4 Rxe5 19. Nxf6+ gxf6 20. dxe5 Qxe5 21. h3 Bf5 22. Bc2 Bxc2 23. Qxc2 Rd8 24. b3 c5 25. Rc1 b6 26. Qe2 Kh8 27. Qa6 Qe7 28. a3 Qd7 29. Qc4 Qd5 30. Qf4 Qe5 31. Qf3 Qd6 32. g3 Qe6 33. Rc4 Rd5 34. Kg2 Kg7 35. h4 f5 36. Qe2 Re5 37. Qb2 f6 38. Qe2 Re4 39. Qd3 Re5 40. Qe2 Re4 41. Kg1 Rxc4 42. bxc4 Qe4 43. f3 Qe5 44. Kg2 Qc3 45. e4 Qe5 46. Qd3 fxe4 47. fxe4 h5 48. Kf3 Kg6 49. Qd5 Qc3+ 50. Kg2 Qb2+ 51. Kh3 Qe2 52. Qg8+ Kh6 1/2-1/2

[Event "SWE-chT 2324 Elite"]
[Site "Sweden"]
[Date "2024.03.04"]
[Round "4.30"]
[White "Mauritsson, Sebastian"]
[Black "Brynell, Stellan"]
[Result "1-0"]
[WhiteElo "2389"]
[BlackElo "2409"]
[PlyCount "141"]
[EventDate "2023.10.13"]
[EventType "team-tourn"]
[EventRounds "9"]
[EventCountry "SWE"]
[SourceTitle "EXT 2025"]
[Source "ChessBase"]
[SourceDate "2024.10.14"]
[SourceVersion "1"]
[SourceVersionDate "2024.10.14"]
[SourceQuality "1"]
[WhiteTeam "Lunds"]
[BlackTeam "Limhamn"]
[WhiteTeamCountry "SWE"]
[BlackTeamCountry "SWE"]

1. e4 e6 2. d4 d5 3. Nc3 Nf6 4. Bg5 Be7 5. e5 Nfd7 6. h4 h6 7. Qh5 a6 8. 0-0-0 g6 9. Bxe7 Qxe7 10. Qe2 Nb6 11. Qe3 Bd7 12. Nf3 Bb5 13. Bd3 Bxd3 14. cxd3 N8d7 15. Kb1 0-0-0 16. Rc1 Kb8 17. Rc2 Rc8 18. Rhc1 f6 19. exf6 Qxf6 20. Ne2 c6 21. Qf4+ Qxf4 22. Nxf4 Nf8 23. Re2 Re8 24. Rce1 Rh7 25. Nxe6 Rhe7 26. Nf4 Rxe2 27. Rxe2 Rxe2 28. Nxe2 Nc8 29. Ne5 Ne7 30. Nf4 g5 31. hxg5 hxg5 32. Nh3 Ne6 33. g4 Ng8 34. Nf7 Nf6 35. f3 Nh7 36. Kc1 Kc7 37. Kd2 Kd7 38. Ke3 Ke7 39. Ne5 Kd6 40. f4 gxf4+ 41. Nxf4 Neg5 42. Nf3 b6 43. Nxg5 Nxg5 44. Ne2 Ne6 45. Ng1 c5 46. dxc5+ bxc5 47. Nf3 Ke7 48. d4 c4 49. Kd2 a5 50. Kc3 Nf4 51. b3 Ne2+ 52. Kd2 cxb3 53. axb3 Nf4 54. Kc3 Kf6 55. Kb2 Nd3+ 56. Ka3 Nc1 57. Ka4 Kg6 58. Ne5+ Kg5 59. Nc6 Kxg4 60. Nxa5 Kf5 61. b4 Ke6 62. Kb5 Kd6 63. Kb6 Ne2 64. Nc6 Nc3 65. b5 Kd7 66. Ne5+ Kd6 67. Ka6 Ne2 68. Nf3 Nc1 69. b6 Nd3 70. Ne5 Nb4+ 71. Ka7 1-0